| 000 | 00787nam a2200193 a 4500 | ||
|---|---|---|---|
| 003 | 0 | ||
| 005 | 20250328124144.0 | ||
| 008 | 071127s19uu xx 00 eng d | ||
| 050 |
_aPHS QK 754 _b.Y37 2007 |
||
| 100 | _aYap-Duque, Antoinette Valerie Y. | ||
| 245 |
_aThe effects of different sources of smoke on the flowering of Euphorbia milii plant / _cAntoinette Valerie Y. Yap-Duque. |
||
| 260 |
_aLas PiƱas City, Philippines : _bSouthville International School and Colleges, _c2007. |
||
| 300 |
_a20 pages : _billustrations ; _c28 cm. |
||
| 504 | _aIncludes bibliographical references. | ||
| 650 |
_aPlants _xEffect of air pollution on growth. |
||
| 650 |
_aAir pollution _xPhysiological effects on plants. |
||
| 650 |
_aEuphorbia milii _xGrowth and development. |
||
| 942 |
_2lcc _cPASS |
||
| 999 |
_c97891 _d97891 |
||